[Event "SC Groebenzell 2-MTV Ingolstadt 1"]
[Site "?"]
[Date "2024.12.01"]
[Round "4.3"]
[White "Eichschmied, Patrick"]
[Black "Shahin, Walid"]
[Result "0-1"]
[WhiteElo "1995"]
[BlackElo "2055"]
[Annotator "Stockfish 17"]
[PlyCount "110"]
[EventDate "2024.??.??"]
[WhiteTeam "MTV Ingolstadt 1"]
[BlackTeam "SC Gröbenzell 2"]

{[%evp 9,110,73,91,-4,46,36,38,6,15,13,-12,-12,31,-31,-23,-27,-15,-42,-38,-53,
-27,-27,-32,-165,-30,-35,-19,-111,-96,-104,-108,-219,-144,-146,-125,-158,-151,
-243,-235,-413,-259,-250,-246,-272,-213,-231,-229,-233,-196,-252,-221,-221,
-215,-229,-224,-496,-511,-506,-477,-764,-763,-643,-280,-260,-233,-415,-394,
-465,-456,-459,-418,-485,-347,-407,-407,-510,-521,-514,-501,-504,-497,-490,
-489,-544,-464,-476,-358,-506,-487,-490,-488,-478,-481,-486,-483,-492,-485,
-502,-481,-480,-475,-656,-653]} 1. e4 e6 2. d4 d5 3. Nd2 dxe4 4. Nxe4 Qd5 $6 ({
gut bekannt ist} 4... Nd7 5. Nf3 Ngf6 6. Nxf6+ Nxf6) 5. Bd3 Nf6 6. Ng3 $11 (6.
Nxf6+ $16 gxf6 7. Nf3 Rg8 8. O-O Nc6 9. Re1 Bd6 10. Be4 (10. c4 $1) 10... Qh5
11. c4 Bd7 12. d5 Ne7 13. dxe6 fxe6 14. g3 {Tolnai.T-Hoang Than Trang Budapest
FS04 GM 1996}) 6... h5 {Droht ...h4 und aus.} (6... Qxg2 $6 7. Nf3 $18) 7. Nf3
h4 8. Ne2 h3 9. Nf4 hxg2 10. Rg1 Qa5+ 11. c3 ({Günstiger ist} 11. Bd2 $14 Qb6
12. Rb1) 11... c5 $1 $15 12. dxc5 Qxc5 13. Qe2 Bd7 14. Rxg2 Qc7 15. Bc2 Nc6 16.
Bd2 $2 (16. Nd3 $15) 16... O-O-O (16... e5 $1 $19 {Und ...0-0-0 würde nun
gewinnen.} 17. c4 O-O-O) 17. Nd3 $1 $11 Nd5 18. Nde5 $6 (18. O-O-O $11) 18...
Nxe5 $17 19. Nxe5 {[#]} Bb5 $1 {[%mdl 512]} 20. c4 $2 (20. Qxb5 $17 Qxe5+ 21.
Qe2 Qxe2+ 22. Kxe2) 20... Nb4 (20... Bb4 $1) 21. Be4 Be8 22. a3 Nc6 23. Bc3 $6
(23. Bxc6 $17 {kämpft weiter.} Bxc6 24. Nxc6 Qxc6 25. f3) 23... Nd4 $1 $19 {
[%cal Rd4e2]} 24. Qe3 $6 (24. Bxd4 Rxd4 25. f4) 24... Bc5 (24... Qxe5 25. Rg5
f5 26. Bxb7+ Kxb7 27. Qxe5 Nf3+ $19 {galt es zu berechnen}) 25. Qg3 f5 26. Bd3
Nb3 27. Rd1 Bh5 28. Be2 Rxd1+ 29. Bxd1 Bxd1 30. Kxd1 {[#]} Rd8+ $1 31. Kc2 Nd4+
$40 {[%mdl 128] Schwarz riecht Blut.} 32. Kb1 $2 (32. Bxd4 Bxd4 33. f4) 32...
Ne2 33. Qxg7 Nxc3+ 34. bxc3 (34. Kc2 $142 Qd6 35. Rg3 Qd2+ {[%mdl 64]
Doppelangriff} 36. Kb3) 34... Qb6+ 35. Kc2 Bxa3 (35... Qa6 $142 {( -> ...Da4+)}
36. Nd3 Qa4+ 37. Kb1 Qb3+ 38. Ka1 Qxa3+ 39. Kb1 Qb3+ 40. Ka1 Rxd3) 36. Nd3 Qc6
37. Rg3 $2 (37. Nb2 {einziger Zug.}) 37... Qxc4 38. Qf6 Qa2+ 39. Kd1 Qb1+ 40.
Kd2 Qb3 (40... Rxd3+ $1 41. Rxd3 Bc1+ 42. Ke2 Qc2+ $19) 41. h4 Bd6 42. Rf3 Qd5
43. Ke2 {[#]} Bf4 {[%mdl 512] Droht stark ...De4+.} 44. Qxd8+ Kxd8 45. Rxf4 {
[%mdl 4096] Endspiel KD-KTS} e5 46. Ra4 a6 {Weiss muss nun ...Db3 beachten.}
47. h5 Ke7 48. h6 (48. Rh4 $142 Kf8 49. h6) 48... e4 {Schwarz steht klar auf
Gewinn.} 49. Nf4 Qb5+ {[%mdl 64] Doppelangriff} 50. Ke3 Qb6+ (50... Qxa4 $2 51.
h7 $19) 51. Rd4 {Droht Matt per Sd5+.} Qxh6 52. Rd5 Qb6+ 53. Rd4 {Und weiter
mit Sd5+ wäre nett.} Kf7 54. Nd5 Qc5 55. Kf4 Ke6 0-1

[Event "SC Groebenzell 2-MTV Ingolstadt 1"]
[Site "?"]
[Date "2024.12.01"]
[Round "4.4"]
[White "Heinisch, Niklas"]
[Black "Holgert, Michael"]
[Result "1/2-1/2"]
[WhiteElo "1950"]
[BlackElo "2004"]
[Annotator "Stockfish  17"]
[PlyCount "68"]
[EventDate "2024.??.??"]
[WhiteTeam "SC Gröbenzell 2"]
[BlackTeam "MTV Ingolstadt 1"]

{[%evp 12,68,25,24,41,38,70,46,42,43,55,60,89,92,128,94,97,105,129,-21,85,78,
93,87,89,80,80,90,90,36,28,27,125,117,116,113,118,74,82,83,81,81,88,54,89,33,
121,48,114,88,86,94,87,31,76,84,88,0,18]} 1. c4 d6 2. Nc3 e5 3. g3 f5 4. Bg2
Nf6 5. d3 Be7 6. e4 Nc6 7. Nge2 fxe4 8. dxe4 Bg4 9. f3 Be6 10. Nd5 Qd7 11. O-O
Nd8 12. f4 Nf7 $6 13. b3 {zielt auf Sxf6+ ab.} Nxd5 14. cxd5 $16 Bh3 15. fxe5 (
15. f5 $142 $16 Bxg2 16. Kxg2) 15... Nxe5 $6 (15... dxe5 $11 16. Bxh3 Qxh3) 16.
Bxh3 $16 Qxh3 17. Nf4 Qg4 18. Qxg4 Nxg4 19. Ne6 Bf6 20. Rxf6 ({präziser war} 
20. Nxc7+ Ke7 21. Rxf6 Nxf6 22. Nxa8) 20... Nxf6 21. Nxc7+ {[%mdl 64]
Doppelangriff} Kd7 $2 (21... Kf7 $11 22. Nxa8 Rxa8 23. Bb2 Re8 24. Bxf6 gxf6
25. Re1 f5 $11) 22. Nxa8 Rxa8 {[%mdl 4096] Endspiel [#] KTL-KTS} 23. Bb2 $1 Rc8
24. Bxf6 (24. Rf1 $16 {sieht schärfer aus.} Ke7 25. Rf2 a5 26. Re2 a4 27. Kf2)
24... gxf6 {KT-KT} 25. Rf1 Ke7 26. Kg2 b5 27. Rf2 Rc3 28. Kf1 Re3 $2 (28... a5
$14) 29. Re2 (29. Rc2 $142 $16 Kd7 30. Rc6 Rxe4 31. Ra6 $18) 29... Rf3+ ({
Besser ist} 29... Rc3 $14) 30. Ke1 h5 31. Rc2 {Schwarz muss nun Ke2 beachten.}
Re3+ 32. Re2 Rf3 {[#]} (32... Rc3 $142) 33. Rc2 $1 {Droht stark Ke2.} Re3+ 34.
Re2 (34. Kd2 Rxe4 35. Rc7+ Ke8 36. Rxa7 $14) 34... Rd3 1/2-1/2

[Event "SC Groebenzell 2-MTV Ingolstadt 1"]
[Site "?"]
[Date "2024.12.01"]
[Round "4.5"]
[White "Vollnhals, Michael"]
[Black "Stocker, Rupert"]
[Result "1/2-1/2"]
[WhiteElo "2052"]
[BlackElo "1982"]
[Annotator "Stockfish 17"]
[PlyCount "98"]
[EventDate "2024.??.??"]
[WhiteTeam "MTV Ingolstadt 1"]
[BlackTeam "SC Gröbenzell 2"]

{[%evp 17,98,15,32,29,43,31,32,28,6,-43,-47,-108,-108,-119,-119,-203,-206,-193,
-177,-171,-178,-176,-171,-175,-176,-181,-89,-114,-131,-252,-126,-171,-176,-398,
-6,-258,0,0,0,-84,-86,-464,-236,-151,49,48,314,306,436,439,516,514,506,492,546,
505,528,510,504,451,452,454,500,458,458,457,418,0,0,0,0,0,0,0,0,0,0,0,0,0,0,0,
0]} 1. Nf3 d5 2. g3 e6 3. Bg2 Nf6 4. O-O c5 5. d4 Nc6 6. c4 Be7 7. cxd5 exd5 8.
Nc3 O-O 9. Bf4 (9. Bg5 cxd4 10. Nxd4 h6 11. Be3 Re8 12. Rc1 {ist eine
geläufige Variante}) (9. dxc5 Bxc5 10. Bg5 d4 11. Bxf6 Qxf6 12. Nd5 {ist
ebenso gut bekannt}) 9... c4 10. Ne5 Bf5 11. h3 h6 12. g4 Bh7 13. Nxc6 bxc6 14.
Qa4 $6 (14. b3 $15 {war nötig}) 14... Qb6 $17 {[%mdl 64] Doppelangriff} 15.
Rac1 Qxd4 16. Bg3 $6 {die Bewertung - 2.39 dürfte er natürlich nicht sehen} (
16. e3 $17 Qb6 17. b3) 16... Qb6 $19 17. e4 {[%cal Re4d5]} d4 ({Nicht} 17...
dxe4 18. Qxc4 Qxb2 19. Nxe4 $11) (17... Nxe4 18. Nxe4 Bxe4 19. Bxe4 $15) 18. e5
dxc3 19. exf6 Bxf6 20. bxc3 Bd3 21. Rfe1 Rfe8 (21... Rac8 {und Schwarz behält
klar die Oberhand.} 22. Qa3 Rfe8) 22. Rxe8+ Rxe8 $17 {der Vorteil hat sich
verflüchtigt} 23. Bxc6 $2 {[#]} (23. Qxc6 $17 Qxc6 24. Bxc6) 23... Re2 (23...
Re3 $3 $19 {[%mdl 512] Droht stark ...Txg3+.} 24. Kh1 Re7) 24. Bd5 Qb2 25. Bf4
{[#]} (25. Rd1) 25... Bg5 $2 (25... Bh4 $1 $19 {( -> ...Te1+!)} 26. Kh1 Be4+
27. Bxe4 Rxe4 {gewinnt ganz klar}) 26. Qxa7 $2 {[%mdl 8192] [#]} (26. Qd7 $11 {
und Weiss ist OK.} Bxf4 27. Qxf7+ {[%mdl 64] Doppelangriff} Kh7 28. Qg8+ Kg6
29. Qf7+ {[%mdl 64] Doppelangriff} Kg5 30. Qh5+ Kf6 31. Qf7+ {[%mdl 64]
Doppelangriff} Kg5 32. Qh5+ Kf6 33. Qf7+ {[%mdl 64] Doppelangriff} Kg5) 26...
Bg6 $2 (26... Re7 $1 $19 {[%cal Re7a7]} 27. Qa8+ Kh7 28. Bxg5 hxg5) 27. Bxg5 $1
$11 hxg5 28. Rd1 (28. Rf1 $1 $11) 28... Qxc3 $17 29. Kf1 {[%mdl 8192]} (29. Kg2
$17 {leistet mehr Widerstand.}) 29... Re5 (29... Qc2 $142 $1 $19 30. Ra1 Qd3 {
[%mdl 64] Doppelangriff} 31. Bxc4 Qxc4) 30. Kg2 $19 Qb4 $2 (30... Kh7 $17 {
zielt auf ...Txd5! ab.} 31. Bc6 Re2) 31. Qd4 $36 {[%mdl 2048] Weiss hat gut
koordiniertes Spiel.} Rxd5 $4 {[%mdl 8192]} 32. Qxd5 {[%mdl 4096] Endspiel
KDT-KDL} c3 (32... Bd3 $142 33. Qxg5 Kh7 34. Qh4+ Kg8 35. Qd8+ Kh7 36. Qh4+ Kg8
37. Qd8+ Kh7 38. Qh4+) 33. Qxg5 $18 {Beabsichtigt Td8+ und Matt.} Qe4+ 34. Kh2
{Droht Matt per Td8+.} f6 35. Qd5+ Qxd5 36. Rxd5 {KT-KL  nach mehreren
Irrungen und Wirrungen sollte Weiß klar gewinnen} Kf7 37. Rc5 c2 38. a4 (38.
Kg3 Ke6 39. Kf4 Bd3 40. a4 Kd6 41. Rc3 Ke7 42. a5 {ist ein einfaches
Gewinnmanöver}) 38... Ke6 39. a5 Kd6 40. Rc8 Be4 {Droht ...Lc6 und aus.} 41.
Rc3 Kd5 42. f3 $2 {ein lehrreicher Fehler. der den Sieg vergibt} (42. a6 $18
Kd4 43. Rc7) 42... Kd4 $11 {Die Stellung ist ausgeglichen.} 43. Rc7 Bd3 {
Und weiter mit ...Lc4 wäre nett.} 44. a6 {a7 ist eine echte Drohung.} Bc4 45.
Rxc4+ Kxc4 46. a7 c1=Q 47. a8=Q Qf4+ 48. Kg2 {Schwarz muss nun Da4+ beachten.}
Qd2+ 49. Kg3 Qe1+ 1/2-1/2

[Event "SC Groebenzell 2-MTV Ingolstadt 1"]
[Site "?"]
[Date "2024.12.01"]
[Round "4.6"]
[White "Feierlein, Robert"]
[Black "Hausmann, Kai"]
[Result "1/2-1/2"]
[WhiteElo "1977"]
[BlackElo "2027"]
[Annotator "Stockfish 17"]
[PlyCount "160"]
[EventDate "2024.??.??"]
[WhiteTeam "SC Gröbenzell 2"]
[BlackTeam "MTV Ingolstadt 1"]

{[%evp 9,160,74,92,92,157,156,192,110,115,118,118,103,154,153,175,173,180,179,
167,155,230,183,245,185,223,170,176,124,127,122,126,81,86,85,127,131,120,127,
124,119,121,120,98,54,55,51,55,60,113,64,74,75,121,80,227,246,277,22,0,-1,43,
-11,75,-35,-37,-34,-35,-38,-13,-10,0,0,0,-2,-1,-7,-3,0,-2,-2,-4,-4,0,0,0,0,15,
14,16,17,75,5,6,16,31,13,60,32,32,24,62,1,6,0,4,0,17,0,0,0,0,0,9,14,356,356,
402,387,382,378,337,32,33,33,33,12,13,11,23,-3,379,17,43,47,259,45,455,450,446,
420,484,473,525,512,440,0,0,0,0,0,0,0,0]} 1. e4 d6 2. d4 Nf6 3. Nc3 g6 4. f3
Nbd7 5. Be3 e6 6. Qd2 Nb6 $2 {das Bewertungspendel schlägt aus + 1.70} (6...
a6 $142) 7. O-O-O (7. h4 Bg7 8. a4 a5 9. O-O-O Bd7 10. b3 c6 11. Nh3 h5 12. Nf2
$40) 7... d5 8. Bh6 (8. e5 $142 $1 $18 Ng8 9. h4 $40) 8... Bxh6 $16 9. Qxh6 Ng8
10. Qf4 c6 11. h4 h6 12. Kb1 Qf6 13. Qg3 Qe7 14. Nh3 (14. h5 g5 15. a4 a5 16.
Nge2 Nf6 17. e5 $40) 14... Rh7 (14... Bd7 $16 {war angesagt.} 15. Nf2 Nf6) 15.
Bd3 (15. h5 $1 g5 16. f4 Rg7 17. exd5 {+ 2.40 der weiße Angriff nimmt schnell
Formen an}) 15... Bd7 (15... Rg7 {ist eine bessere Verteidigung.} 16. h5 g5)
16. Rhe1 O-O-O 17. h5 Rg7 18. Nf4 (18. exd5 Nxd5 19. Nxd5 cxd5 20. hxg6 fxg6
21. c4 $40) 18... Qg5 19. Qh2 gxh5 20. Re2 (20. Nxh5 $6 Qxg2 21. Qh4 Rg5 $14)
20... h4 {Mit der Idee ...e5.} 21. Rh1 e5 22. dxe5 {[%cal Re4d5]} d4 23. Nd1
Qxe5 24. Qxh4 c5 {Schwarz will ...c4 spielen.} 25. Nh5 Rg6 26. f4 Qc7 {Droht
stark ...c4.} 27. e5 Rg4 28. Qf2 Be6 29. f5 Bd5 30. Nf4 $14 c4 $6 31. Be4 {
Lxd5 ist eine echte Drohung.} (31. Nxd5 $1 Rxd5 32. Be4 Rxe5 33. Rhe1 f6 34.
Bf3 {+ 2.20}) 31... Qxe5 $2 (31... Nf6 $16 {kämpft weiter.} 32. Nxd5 Nfxd5)
32. Bxd5 $1 $18 Qxf4 33. Qxf4 $2 {so vergibt er den Vorteil} (33. Bf3 $142 $18
d3 34. Rd2 $18) 33... Rxf4 $11 34. Bxf7 Kc7 35. Be6 Ne7 $6 (35... Nf6 $11) 36.
b3 $6 (36. Rxh6 Nxf5 37. Bxf5 Rxf5 $11) (36. g3 $16 Rf3 37. g4 (37. Rxh6 Nxf5
38. Rh7+ Kc6 $11)) 36... Nxf5 $15 {Und ...Sg3 würde nun gewinnen.} 37. Bxc4
Nxc4 38. bxc4 Ng3 39. Re7+ Rd7 40. Rxd7+ Kxd7 41. Rxh6 $11 {[%mdl 4096]
Endspiel KTS-KTS} Rf1 42. Kc1 Ne4 {zielt auf ...Sc3 ab.} 43. Rh4 Re1 44. Kb2
Kc6 45. Ka3 Kc5 46. Nb2 Re3+ 47. Ka4 Nc3+ 48. Kb3 {Schwarz muss nun Th6
beachten.} Ne4+ 49. Nd3+ Kd6 (49... Kc6 $142) 50. Rh6+ (50. Kb4 $16) 50... Kc7
51. Kb4 Rg3 52. Rh4 Nf6 53. Rh6 Ne4 54. Nf4 Kd7 55. Rg6 Rc3 56. Rg7+ Kd6 57.
Rxb7 a5+ 58. Kb5 Rxc2 59. Rb6+ Kd7 60. a4 Nd6+ 61. Kc5 {[%mdl 64] [#]
Doppelangriff} Rxc4+ $2 {[%mdl 8192] dieses Nehzmen ist ein großer Fehler} (
61... Nxc4 $11 62. Rb7+ Kc8) 62. Kd5 $18 Nc8 63. Rb7+ ({Weniger gut wäre} 63.
Kxc4 Nxb6+ 64. Kb5 (64. Kxd4 Nxa4 65. g4 Kd6 $11) 64... Nc8 $18) 63... Rc7 64.
Rxc7+ Kxc7 {KS-KS} 65. Ne6+ $2 (65. Kxd4 $18 {[#]} Kd6 66. Nd5 {und im
Springerendspiel hat Weiß einen Riesenvorteil von 5.42} Kd7 67. g4 Nd6 68. Kc5
Ne4+ 69. Kb6 Nd2 70. Ne3 Ne4 71. Nc4 Kc8 72. Kxa5 Kc7 73. Ne5 Nf6 74. g5 {
was für Stockfish eine leichte Übung ist}) 65... Kd7 $1 $14 66. Nc5+ Ke7 67.
Kxd4 Nb6 $1 68. Ke5 Kf7 69. Kd6 {Droht Kc6 und aus.} Nc4+ $2 {[%mdl 8192] ist
wieder ein Verlustzug} (69... Kg6 $1 $11 70. Kc6 Nxa4 71. Nxa4 Kf5 72. Kb5 Kg4
73. Kxa5 Kg3 74. Kb4 Kxg2 {isr remis}) 70. Kc7 $2 {der Unterschied zwischen
Remis und Sieg kann sehr knapp sein} (70. Kc6 $18 Ke7 71. Kb5 Ne5 72. Nb3 Kd7
73. Nxa5 {mit Gewinn}) 70... Kf6 71. Kc6 {Und weiter mit Kb5 wäre nett.} Ke5
$2 {[#]} (71... Nb2 $1 $14 72. Kb5 Kf5 73. Kxa5 Kg4 74. Ne4 Nxa4 75. Kxa4 Kf4
76. Ka5 Kxe4 $11) 72. Kb5 $2 ({Der einzige Zug:} 72. Nd3+ $1 $18 Ke4 73. Ne1
Nd2 74. Kb5 Kd5 75. g4 Nb3 76. Nd3 Kd6 77. g5 $18) 72... Kd5 $2 {[%mdl 8192]} (
72... Nb2 $1 $14 73. Kxa5 Kf4 74. Nd3+ Nxd3 75. Kb5 Ke5 76. a5 Kd6 77. Kb6 Nc5
78. g4 Nd7+ 79. Kb7 Nc5+ 80. Kc8 Ke7 81. g5 Kf7 82. Kc7 Na6+ $11) 73. Nb3 $18 {
ist er jetzt in der Gewinnspur?} Ne3 74. g3 Nc4 75. Nxa5 Nb2 {beabsichtigt ...
Sxa4.} 76. g4 Nd1 (76... Nxa4 77. Kxa4 Ke6 78. Nc4 Kf6 79. Kb5 Kg5 80. Ne3 Kf4
81. Kc5 Kg5 82. Kd5 {und Weiß gewinnt}) 77. Nb3 $2 (77. Nc4 $18 Nc3+ 78. Kb4
Na2+ 79. Ka3 Nc3 80. Kb3 Ne4 81. Kb4 Ng5 82. Kb5 Ne4 83. a5 $18) 77... Nc3+ $11
{Die Stellung ist ausgeglichen.} 78. Kb4 Nxa4 $1 79. Kxa4 {Beabsichtigt Sd2
und Matt.} Ke4 80. Nd2+ Kf4 {ein Springerendspiel, das man sehr ausgiebig
analysieren kann. Die vielen Fehler zeigen nur, daß der Mensch sich sich hier
gewaltig irren kann.} 1/2-1/2

[Event "SC Groebenzell 2-MTV Ingolstadt 1"]
[Site "?"]
[Date "2024.12.01"]
[Round "4.7"]
[White "Freundorfer, Josef"]
[Black "Schrader, Jan-Erik"]
[Result "1-0"]
[WhiteElo "2014"]
[BlackElo "2021"]
[Annotator "Stockfish 17"]
[PlyCount "65"]
[EventDate "2024.??.??"]
[WhiteTeam "MTV Ingolstadt 1"]
[BlackTeam "SC Gröbenzell 2"]

{[%evp 18,65,-1,-12,33,-42,-64,-80,96,24,31,9,66,51,114,62,70,24,86,89,214,64,
115,74,73,75,63,0,192,169,171,166,242,235,243,181,275,181,315,226,312,318,339,
328,509,516,493,502,487,493]} 1. e4 e6 2. d4 d5 3. Nc3 Bb4 4. e5 c5 5. Qg4 Ne7
6. dxc5 Nbc6 7. Bd2 O-O 8. O-O-O f5 9. exf6 Rxf6 10. Bd3 Bxc5 (10... Bxc3 11.
Bxc3 e5 12. Qe2 Qc7 $6 (12... Ng6 13. Bxg6 Rxg6 14. Bxe5 Qg5+ 15. f4 Qxg2 $14)
13. Bb5 (13. Kb1 $16) 13... Nd4 $2 {sehr fragwürdig} (13... a6 $142) 14. Bxd4
exd4 15. Rxd4 Qxc5 16. Nf3 Re6 17. Qd3 $16 {Heemsoth-Rittner corr 1988 + 1.60
bedeutet einen sehr klaren Vorteil}) 11. Nf3 (11. Bg5 $142 $14 Rxf2 12. Nh3)
11... h6 $1 $15 12. h4 Kh8 $2 {[#]} (12... Qf8 $17 {und es läuft.} 13. Bg5 e5)
13. Qh5 (13. Bg5 $1 $16) 13... Qf8 $11 14. Bg5 Rf7 15. a3 a5 $6 (15... Bd7 $14)
16. Rhf1 Bd7 17. Rde1 Bd6 (17... Ng8 $11) 18. Kb1 Bf4 $2 {[#]} (18... Ng8 $16 {
war angesagt.}) 19. Ne2 (19. Na4 $1 $18) 19... Bd6 20. Ned4 $40 {[%mdl 128]} e5
21. Bxe7 Rxe7 {[#]} 22. Nxc6 (22. Qg6 $1 $14 e4 23. Qxd6) 22... bxc6 $2 (22...
Be8 $11 23. Qxe5 Rxe5 24. Ncxe5 Qf6) 23. Nxe5 $1 $18 Bxe5 24. Rxe5 {Und weiter
mit Dg6! wäre nett.} Rxe5 (24... Be8 $142 25. Qe2 Rb7) 25. Qxe5 {mit + 2.60
ist der Vorteil sehr groß} Re8 26. Qc3 Qe7 $6 27. g3 (27. Qxa5 $18 {ging sehr
wohl}) 27... Qd6 (27... a4 $142 28. Qd4 Ra8) 28. Qxa5 c5 {Droht ...c4.} 29. Qa6
Qe5 30. f4 Qe7 (30... Qf6 $142 31. Qxf6 gxf6) 31. Qg6 $1 {[%csl Gd3][%cal
Rg6h7] Weiß steht klar auf Gewinn.} Kg8 32. Qh7+ Kf8 33. Bg6 {[%cal Rh7h8]}
1-0

[Event "SC Groebenzell 2-MTV Ingolstadt 1"]
[Site "?"]
[Date "2024.12.01"]
[Round "4.8"]
[White "Seifert, Werner"]
[Black "Muharemagic, Asim"]
[Result "1/2-1/2"]
[WhiteElo "1894"]
[BlackElo "1946"]
[Annotator "Stockfish 17"]
[PlyCount "125"]
[EventDate "2024.??.??"]
[WhiteTeam "SC Gröbenzell 2"]
[BlackTeam "MTV Ingolstadt 1"]

{[%evp 24,125,28,13,53,49,59,30,87,29,114,62,59,67,61,59,184,137,343,236,287,
293,289,301,299,285,290,278,288,276,571,523,490,396,503,506,454,0,0,0,0,22,222,
65,447,416,417,414,411,413,408,409,433,434,438,432,427,421,445,445,438,425,420,
423,685,424,29996,0,2,0,0,0,1,0,1,3,4,1,4,1,3,1,5,0,1,0,2,0,5,2,0,0,7,0,0,0,0,
0,0,0,0,0,0,0]} 1. e4 c5 2. c3 d5 3. exd5 Qxd5 4. d4 e6 5. Nf3 Nc6 6. Be2 Nf6
7. O-O Be7 8. Be3 cxd4 9. cxd4 O-O 10. Nc3 Qd8 11. Ne5 Nb4 12. Bf3 Nbd5 13. Qb3
a5 14. Rfd1 Ra6 15. Na4 Rd6 16. Rac1 Bd7 $6 (16... Nxe3 $11 {hält das
Gleichgewicht.} 17. fxe3 Nd5) 17. Nxd7 (17. Nc5 Rb6 18. Qc2 Be8 $16) 17... Rxd7
18. Nc5 Bxc5 19. dxc5 Qa8 $2 (19... Nxe3 $142 $14 20. Qxe3 Qc7) 20. Bd4 Rc7 $2
(20... Rfd8 $16) 21. Be5 {[%cal Rf3d5]} (21. Bxd5 {siehst du das kommende
Ungewitter nach} Nxd5 22. Bxg7 Kxg7 23. Rxd5 exd5 24. Qg3+) 21... a4 22. Qb5
Rc6 23. Bxf6 gxf6 24. Bxd5 exd5 25. Rxd5 $18 {so weit so gut. Weiß hat sehr
gute Gewinnchancen} b6 26. Qd3 Rxc5 $2 (26... bxc5 {war einen Versuch wert.}
27. Rh5 (27. Rdxc5 Rxc5 28. Rxc5 Rd8 $16) 27... f5 28. Qxf5 Rg6) 27. Rcxc5 $18
bxc5 {[%mdl 4096] Endspiel KDT-KDT} 28. Rh5 {[%csl Gh5][%cal Rd3h7] [#]} (28.
Qg3+ Kh8 29. Qd6 Kg8 30. Rd3 $18 {läßt keinen Zweifel am Sieg}) 28... Rd8 29.
Qxh7+ Kf8 {[%cal Rd8d1]} 30. h3 $2 {ein Luftloch kann nicht schaden.} ({
Weiss braucht} 30. Qh6+ $18 Ke8 31. Qe3+ {[%mdl 64] Doppelangriff} Kd7 32. Qxc5
) 30... Rd1+ $11 31. Kh2 Qb8+ {[%mdl 64] [#] Doppelangriff} 32. g3 Qxb2 $2 (
32... Qb7 $11 33. Qh6+ Ke8 34. Qe3+ {[%mdl 64] Doppelangriff} Kd7 {und Weiß
schaut ins Ofenrohr}) 33. Qf5 $2 (33. Qh6+ $18 Ke7 34. Qe3+ {[%mdl 64]
Doppelangriff} Kd7 35. Qf3 (35. Rxc5 Qd4 $16) (35. Qxc5 Qb7 $14)) 33... Rd2 $2
{[%mdl 8192]} ({Günstiger ist} 33... Qb7 $1 $14 34. g4 Qc7+ 35. Kg2 Qc6+ 36.
Kg3 Ke7) 34. Qc8+ (34. Rh8+ Ke7 35. Qxc5+ Rd6 36. Qe3+ $18) 34... Ke7 35. Qxc5+
Ke6 36. Qe3+ Kd7 37. Rf5 ({Bloß nicht} 37. Qa7+ Kd6 $18) 37... Qxa2 {Jetzt ...
Db2 und Schwarz darf weiter klammern.} 38. Rxf6 Re2 39. Qd4+ Ke7 {und die Idee
...Dd2 ließe Schwarz weiter hoffen.} 40. Kg2 Rd2 41. Qe5+ Kf8 42. Qc5+ Kg7 43.
Rf4 a3 (43... Qd5+ $142 44. Qxd5 Rxd5 45. Rxa4 Rd6) 44. Ra4 {Weiss will mit
Dg5+ Matt setzen.} (44. Rg4+ Kf6 45. Qc6+ Ke7 46. Re4+ $18 {mit leichtem Sieg})
44... Qb2 (44... Qd5+ $18 45. Qxd5 Rxd5 46. Rxa3 f6) 45. Rxa3 $2 (45. Qg5+ {
setzt Matt} Kf8 46. Ra8+ Qb8 47. Rxb8+ Rd8 48. Rxd8#) 45... Rxf2+ $1 {Die
Stellung ist ausgeglichen.} 46. Qxf2 Qxa3 {KD-KD} 47. Qd4+ f6 48. h4 Kg6 49.
Qg4+ Kf7 50. Qf5 Qa1 51. Kf3 {Weiss will Dd7+ spielen.} Qf1+ 52. Kg4 Qe2+ 53.
Kh3 {Droht h5.} Qe1 54. Qf3 Kg6 55. g4 (55. h5+ {ist interessant.} Kg7 56. Qg4+
Kf8 57. Qf5 Qh1+ 58. Kg4) 55... Kg7 56. h5 {Mit der Idee Kg2.} Qe5 57. Qd3 Qa1
58. Qg6+ Kf8 59. h6 {Droht Dg7+ und aus.} Qf1+ 60. Kg3 {Schwarz muss nun Dg7+
beachten.} Qg1+ 61. Kf3 Qf1+ 62. Kg3 {Und Dg7+ würde nun gewinnen.} Qg1+ 63.
Kf3 {da wurde insgesamt viel falsch kalkuliert bzw. übersehen} 1/2-1/2

[Event "SV Roehrnbach 1-TV Tegernsee 1"]
[Site "?"]
[Date "2024.12.01"]
[Round "4.1"]
[White "Shen, Tingrui"]
[Black "Eckerl, Uwe"]
[Result "1-0"]
[WhiteElo "2151"]
[BlackElo "2114"]
[Annotator "Stockfish 17"]
[PlyCount "59"]
[EventDate "2024.??.??"]
[WhiteTeam "TV Tegernsee 1"]
[BlackTeam "SV Röhrnbach 1"]

{[%evp 15,58,9,88,72,96,80,220,42,111,41,45,-68,36,-20,-14,-68,-70,-174,-103,
-153,-16,-20,28,-57,-7,-21,-11,-172,-192,-174,40,-19,0,0,0,0,126,121,136,121,
185,180,284,239,29999]} 1. e4 c5 2. Nf3 d6 3. d4 cxd4 4. Nxd4 Nf6 5. Nc3 a6 6.
Bg5 e6 7. f4 {ein äleres System, das mal sehr populär war} Qc7 (7... Be7 8.
Qf3 Qc7 9. O-O-O Nbd7 10. g4 {kennen ältere Semester vielleicht noch auswendig
}) 8. Qf3 Nc6 (8... Nbd7 $11 9. O-O-O b5 10. Bd3 Bb7 $11 {ist durchaus gut
bekannt}) 9. O-O-O Nxd4 10. Rxd4 {[#]} b5 $2 (10... Be7 $16) 11. f5 $2 ({
Der einzige Zug:} 11. e5 $1 $18 Bb7 12. Nxb5 axb5 13. Bxb5+ $18 {erforderte
schon spezifische Kenntnisse}) 11... Rb8 (11... Be7 $1 $14) 12. Be2 ({Besser
ist} 12. Bxf6 $16 {Und weiter mit Lg5 wäre nett.} gxf6 13. fxe6 fxe6 14. Be2 (
14. Qxf6 Bg7 $17 {[%mdl 64] Spiess})) 12... Be7 $1 $14 13. g4 (13. a3 $14)
13... Bd7 (13... b4 $15 14. Nd1 Bb7) 14. Bh4 h6 15. Bg3 e5 16. Rd2 $6 (16. Nd5
Nxd5 17. Rxd5 Rc8 18. Bd1 $15 {allerdings hat der Weiße seine Chancen
keineswegs ausgenutzt}) 16... b4 (16... Qa5 $19 17. Bh4 b4) 17. Nd1 $2 (17. Nd5
Nxd5 18. Rxd5 {war so gut wie erzwungen}) 17... Qa5 (17... Bc6 $142 $1 18. Nf2
b3 19. axb3 Qa5 {- 2.40}) 18. Bc4 $11 Bc6 19. Nf2 Nd7 20. h4 Nc5 21. g5 $2 (21.
Kd1 $11 {und Weiss ist OK.}) 21... b3 $1 $19 {[%cal Rb3a2] ein böses Erwachen}
22. a3 {[#] Und Dh5 würde nun gewinnen.} hxg5 $2 (22... Qa4 $1 $19 {[%cal
Ra4c4]} 23. Bd3 bxc2 24. Bxc2 Nb3+ 25. Bxb3 Rxb3) 23. f6 gxf6 {zielt auf ...
Da4 ab.} 24. hxg5 Rxh1+ 25. Qxh1 {Droht Dh8+ und aus.} bxc2 $6 (25... Qa4 $1
$11 {bleibt in der Remisbreite.} 26. Bxf7+ (26. Qh8+ Kd7 $17) 26... Kxf7 27.
Qh7+ Ke8 28. Qg8+ (28. gxf6 Bf8 $19) 28... Kd7 29. Qxb8 bxc2 30. Rxc2 fxg5) 26.
Qh8+ $16 Bf8 {Droht stark ...Txb2!} 27. Qxf6 Qc7 {[#]} (27... Nb3+ $16 {
ist eine bessere Verteidigung.} 28. Bxb3 Rxb3) 28. g6 $1 $18 {[%cal Rg6f7]}
fxg6 {[#]} (28... Qe7 {war einen Versuch wert.} 29. Bxf7+ (29. gxf7+ Kd7 $16)
29... Kd7 30. Qf5+ Kc7) 29. Bxe5 $1 {[%mdl 512]} (29. Qxg6+ Kd8 30. Bxe5 {
war präziser}) 29... Nd7 $2 (29... Bb5 $18) 30. Bf7# {Ende des Verwirrspiels
mit einigen Aufs und Abs.} 1-0